000 01097ngm a22002890a 4500
001 PT16704
003 AR-LpoUNG
005 20210202000232.0
007 vd cvaizq
008 191001s1981||||ag |||||||||||||||||spa d
037 _c$8.3
040 _aAR-LpoUNG
_bspa
_cAR-LpoUNG
_eaacr
044 _aag
082 0 _a792.54 582fit
100 1 _aHerzog, Werner
_edir.
245 1 0 _aFitzcarraldo
260 _aBuenos Aires :
_bCuervo Film,
_c[1981].
300 _aVHS (150 min.) : son., col.
505 0 _aMúsica: Popol Vuh ; producción: Lucki Stipetic.
520 _aIquitos, Perú. Fitzcarraldo, un aventurero que ha hecho su fortuna con el caucho, ama la ópera. Su pasión desmedida le conduce a construir un teatro en plena selva virgen, a mil doscientas millas de la costa civilizada, para llevar allí al gran Enrico Caruso para cantar. Pero para lograrlo deberá hacer atravesar, con ayuda de los indios, su barco al otro lado de la montaña.
650 4 _aMUSICA
650 4 _aREGION AMAZONICA
651 4 _aBrasil
653 _aVIDEOS
905 _a16704
942 _cVIDEO
999 _c54398
_d54398